000 00594nam a2200181Ia 4500
003 GCL
008 140319s9999 xx 000 0 ara d
040 _aGCL /
_cGCL
082 0 4 _a250
_bع ع
100 1 _aعلى جريشة
245 1 0 _aعوائق فى طريق الشريعةمن يقف فى طريق شرع الله /
_cعلى جريشة
260 _a[S.N] :
_bدار البشير للثقافة والعلوم الاسلامية ،
_c1990
300 _a55 ص
490 _a
650 0 4 _aالشريعة الاسلامية
650 0 4 _aالفقه الاسلامى
942 _2ddc
_cBK
999 _c53357
_d53357